|
|
|
|
| LEADER |
01144nta a2200229 i 4500 |
| 001 |
dokt2705 |
| 005 |
20200423114017.0 |
| 008 |
150911s2015 hu om 0|| eng d |
| 024 |
7 |
|
|a 10.14232/phd.2705
|2 doi
|
| 024 |
7 |
|
|a 3105225
|2 mtmt
|
| 040 |
|
|
|a SZTE Doktori Repozitórium
|b hun
|
| 041 |
|
|
|a eng
|
| 100 |
1 |
|
|a Tax Gábor
|
| 245 |
1 |
0 |
|a Studies on the role of the skin microbiome in healthy skin and under pathogenic conditions
|h [elektronikus dokumentum] /
|c Tax Gábor
|
| 246 |
1 |
0 |
|a A bőr mikrobiom szerepének vizsgálata egészséges és patológiás körülmények között
|h [elektronikus dokumentum]
|
| 260 |
|
|
|c 2015-12-14
|
| 502 |
|
|
|a Disszertacio
|
| 650 |
|
4 |
|a klinikai orvostudományok
|
| 700 |
1 |
|
|a Szabó Kornélia Ágnes
|e ths
|
| 856 |
4 |
0 |
|u https://doktori.bibl.u-szeged.hu/id/eprint/2705/1/Tax%20G%C3%A1bor%20disszert%C3%A1ci%C3%B3.pdf
|z Dokumentum-elérés
|
| 856 |
4 |
0 |
|u https://doktori.bibl.u-szeged.hu/id/eprint/2705/3/Tax%20G%C3%A1bor%20angol%20t%C3%A9zis%20f%C3%BCzet.pdf
|z Dokumentum-elérés
|
| 856 |
4 |
0 |
|u https://doktori.bibl.u-szeged.hu/id/eprint/2705/2/Tax%20G%C3%A1bor%20magyar%20t%C3%A9zis%20f%C3%BCzet.pdf
|z Dokumentum-elérés
|